000 002410000a22000970004500
100 1 _aEscandón, Rafael
245 1 0 _aOcupa tu puesto
300 _aVol. 51, Núm 225 (1996), Páginas 11-13
773 0 _tLa Biblia de las Américas
942 _cANA
999 _c51437
_d51437